[Event "URS-ch sf"]
[Site "Daugavpils"]
[Date "1978.??.??"]
[Round "?"]
[White "Godes, Dmitry R"]
[Black "Rytov, Boris"]
[Result "1/2-1/2"]
[WhiteElo "2405"]
[BlackElo "2200"]

1.Nf3 d5 2.c4 d4 3.e3 c5 4.exd4 cxd4 5.b4 g6 6.Bb2 Bg7 7.d3 e5 8.g3 Nh6 9.Bg2 O-O
10.O-O f5 11.Nbd2 Nf7 12.Nb3 Qb6 13.a4 Qxb4 14.Ba3 Qb6 15.Bxf8 Kxf8 16.Re1 Na6
17.a5 Qc7 18.h4 Bd7 19.Rb1 Bc6 20.Nfd2 Rd8 21.Bxc6 bxc6 22.c5 Qd7 23.Qf3 Nc7
24.Nc4 Nb5 25.a6 Nc3 26.Nba5 e4 27.Qg2 Nxb1 28.Rxb1 Qd5 29.Nb7 Rb8 30.Re1 Be5
31.Nca5 Bc7 32.dxe4 Qe6 33.Rd1 Bxa5 34.Nxa5 fxe4 35.Rxd4 e3 36.Rd1 Rb2 37.Rf1 exf2+
38.Rxf2 Qe1+ 39.Qf1 Qe3 40.Kg2 Qe4+ 41.Kh2 Rxf2+ 42.Qxf2 Ke7 43.Qb2 Ke6 44.Qb3+ Qd5
45.Nxc6 Qxb3 46.Nd4+ Kd5 47.Nxb3 Kc4 48.Nd2+ Kxc5 49.Ne4+ Kb5 50.Nf6 h6 51.Kh3 Kxa6
52.Kg4 h5+ 53.Kf4 Kb5 54.g4 hxg4 55.Kxg4 a5 56.Nd5 Kc4 57.Nb6+ Kc5 58.Na4+ Kd5
59.Kf4 Ke6 60.Nc5+ Kd5 61.Na4 Ke6 62.Nc5+ Kf6 63.Nd7+ Kg7 64.Ke4 Nd6+ 65.Kd5 Nf5
66.Ne5 Nxh4 67.Kc5 g5 68.Kb5 Kf6 69.Ng4+ Kf5 70.Nf2 Nf3 71.Kxa5 Nd2 72.Kb4 Ne4
73.Nd3 g4 74.Kc4 g3 75.Ne1 Nf2 76.Kc3 Ke4 77.Kd2 Ng4 78.Ke2 Ne3 79.Nf3 Nf5
80.Ne1 Ne3 81.Nf3 Kf4 82.Ng1 Nd5 83.Kf1 Nc3 84.Kg2 Kg4 85.Nf3 Ne2 86.Nh2+ gxh2  1/2-1/2

[Event "URS-ch sf"]
[Site "Daugavpils"]
[Date "1978.??.??"]
[Round "?"]
[White "Zaichik, Gennadi"]
[Black "Lerner, Konstantin Z"]
[Result "0-1"]
[WhiteElo "2470"]
[BlackElo "2445"]

1.Nf3 d5 2.c4 e6 3.g3 c6 4.b3 Nd7 5.Bg2 Ngf6 6.O-O Bd6 7.Nc3 O-O 8.d4 Qa5
9.Qc2 b5 10.e4 Bb4 11.Bb2 bxc4 12.bxc4 Ba6 13.e5 Ne8 14.Nd2 g6 15.Rfc1 Ng7
16.Bf1 Rfc8 17.Nb3 Qd8 18.cxd5 Bxf1 19.dxe6 Bh3 20.exd7 Qxd7 21.Ne4 Ne8 22.Qe2 Be7
23.Nbc5 Qd5 24.Nd3 Bf5 25.f3 h5 26.Kg2 Rab8 27.Rc2 Qd7 28.Nf4 Nc7 29.Rac1 Ne6
30.Nxe6 Qxe6 31.Ba1 Rb6 32.Rd2 Bh3+ 33.Kg1 Rcb8 34.Qd1 Ba3 35.d5 cxd5 36.Ng5 Qf5
37.e6 Qxg5 38.exf7+ Kf8 39.f4 Qe7 40.Re2 Rb1  0-1

[Event "URS-ch sf"]
[Site "Daugavpils"]
[Date "1978.??.??"]
[Round "?"]
[White "Magerramov, Elmar"]
[Black "Kosikov, Alexey I"]
[Result "0-1"]
[WhiteElo "2435"]
[BlackElo "2395"]

1.Nf3 d5 2.c4 c6 3.cxd5 cxd5 4.d4 Nf6 5.Nc3 Nc6 6.Bf4 Bf5 7.e3 e6 8.Bb5 Nd7
9.Qa4 Qb6 10.Nh4 Be4 11.f3 Bd3 12.Nxd5 Bxb5 13.Nxb6 Bxa4 14.Nxa8 Nb4 15.Kd2 Be7
16.Nc7+ Kd8 17.Rhc1 g5 18.Ng6 hxg6 19.Bg3 Nd5 20.Nxd5 exd5 21.Bc7+ Ke8 22.e4 Bc6
23.exd5 Bxd5 24.Bd6 Nb6 25.Bxe7 Kxe7 26.h3 Nc4+ 27.Kc3 Kd6 28.Re1 Rc8 29.Re2 Na3+
30.Kd2 Rc2+ 31.Ke1 Rxe2+ 32.Kxe2 Nc2 33.Rc1 Nxd4+ 34.Kf2 a5 35.a3 a4 36.Ke3 Ne6
37.Rc2 b5 38.Rd2 Ke5 39.Kf2 Nd4 40.Ke3 Nb3 41.Rd1 Na5 42.Re1 Be6 43.Re2 Bf5
44.f4+ gxf4+ 45.Kf3+ Kd4 46.Kxf4 Nc4 47.g4 Bd3 48.Rh2 f5 49.gxf5 Bxf5 50.h4 Ne3
51.Rd2+ Bd3 52.Kg5 Nf5 53.Kxg6 Nxh4+ 54.Kf6 Kc4 55.Rf2 Nf5 56.Ke5 Ne3 57.Rd2 Bg6
58.Kf4 Nc2 59.Rg2 Bd3 60.Rd2 Kd4 61.Rh2 Ne3 62.Kf3 Nc4 63.Rh4+ Ke5 64.Rh5+ Bf5
65.Rh2 Be4+ 66.Kg3 Kd4 67.Kf4 Ne5 68.Re2 Nd3+ 69.Kg4 Bd5 70.Kg3 Bb3 71.Rh2 Ke3  0-1

[Event "DDR-ch 27th"]
[Site "Eggesin/Torgelow"]
[Date "1978.??.??"]
[Round "1"]
[White "Espig, Lutz"]
[Black "Heinig, Wolfram"]
[Result "1/2-1/2"]
[WhiteElo "2470"]
[BlackElo "2270"]

1.Nf3 d5 2.c4 e6 3.g3 Nf6 4.Bg2 Be7 5.O-O O-O 6.d4 Nbd7 7.Qc2 c6 8.Rd1 b6
9.b3 Bb7 10.Nc3 Rc8 11.e4 dxe4 12.Nxe4 c5 13.Nxf6+ Bxf6 14.Ng5 Bxg5 15.Bxb7 Rc7
16.Be4 h6 17.dxc5 bxc5 18.Bxg5 Qxg5 19.Qc3 Qf6 20.Rac1 Qxc3 21.Rxc3 Nf6 22.Bg2 Rfc8
23.Rcd3 Kf8 24.Kf1 Ke7 25.Ke2 Rd7 26.Rxd7+ Nxd7 27.Kd2 Nb6 28.Kc3 Rc7  1/2-1/2

[Event "DDR-ch 27th"]
[Site "Eggesin/Torgelow"]
[Date "1978.??.??"]
[Round "13"]
[White "Espig, Lutz"]
[Black "Knaak, Rainer"]
[Result "1/2-1/2"]
[WhiteElo "2470"]
[BlackElo "2520"]

1.Nf3 d5 2.c4 d4 3.e3 Nc6 4.exd4 Nxd4 5.Nxd4 Qxd4 6.Nc3 Bg4 7.Qa4+ Bd7 8.Qb3 Bc6
9.d3 e6 10.Be3 Qd6 11.O-O-O Nf6 12.h3 a5 13.d4 a4 14.Qc2 a3 15.b3 Be7 16.f3 Qg3
17.h4 Bb4 18.Rh3 Qd6 19.g4 O-O-O 20.Be2 Kb8 21.Ne4 Qe7 22.Nf2 e5 23.d5 Bc5
24.Bxc5 Qxc5 25.Ne4 Nxe4 26.fxe4 Bd7 27.h5 g6 28.Qc3 f5 29.exf5 gxf5 30.gxf5 Bxf5
31.Re3 Rhe8 32.b4 Qe7 33.Qxa3 Qg5 34.Qc3 h6 35.Kb2 Bh7 36.Rg3 Qf5 37.Rf1 Qd7
38.Bg4 Qd6 39.Be6 Rxe6 40.dxe6 Qxe6 41.Re3 Qg4 42.Rfe1 Rd4 43.Ka1 Be4 44.b5 b6
45.c5 bxc5 46.Qxc5 Rd1+ 47.Rxd1 Qxd1+ 48.Kb2 Qd2+ 49.Ka3 Bd5 50.Qc3 Qxa2+
51.Kb4 e4 52.Qd4 Be6 53.Qxe4 Qb2+ 54.Kc5 Qc1+ 55.Kd4 Qb2+ 56.Kc5  1/2-1/2

[Event "Esbjerg"]
[Site "Esbjerg"]
[Date "1978.??.??"]
[Round "8"]
[White "Rath, Ulrik"]
[Black "Rodgaard, John"]
[Result "1-0"]
[WhiteElo "2405"]
[BlackElo "2320"]

1.Nf3 d5 2.c4 c6 3.cxd5 cxd5 4.d4 Nf6 5.Nc3 Nc6 6.Bf4 e6 7.e3 Be7 8.Bd3 O-O
9.O-O Nh5 10.Be5 f6 11.Bg3 Nxg3 12.hxg3 Bd7 13.a3 Rc8 14.Qc2 g6 15.Rad1 Be8
16.Rfe1 Bf7 17.e4 a6 18.exd5 exd5 19.Qd2 Na5 20.g4 Nc4 21.Bxc4 Rxc4 22.g5 fxg5
23.Re2 Rc7 24.Ne5 Bf6 25.Rde1 Kg7 26.Na4 Re7 27.Nc5 Rfe8 28.b4 Bg8 29.Re3 Qc7
30.Rc3 Qd6 31.Ncd3 Be6 32.Nc5 Bg8 33.Rce3 Qc7 34.Ned7 Rxe3 35.Rxe3 Rxe3 36.Qxe3 Bf7
37.Nxf6 Kxf6 38.Nxb7 Be6 39.Nc5 Bc8 40.g3 g4 41.Qe8 Bf5 42.Qg8 Qe7 43.Qxd5 Qe1+
44.Kg2 h5 45.Qd6+ Kf7 46.Qe5 Qc3 47.Qe3 Qc4 48.Kh2 Qf1 49.Nb3 Be6 50.Nd2 Qh3+
51.Kg1 Bd5 52.Ne4 Kg7 53.Qf4 h4 54.Qf6+ Kg8 55.Qxg6+ Kf8 56.Qf5+ Ke7 57.Qe5+ Kf8
58.Qxd5  1-0

[Event "Wch U20"]
[Site "Graz"]
[Date "1978.??.??"]
[Round "1"]
[White "Ortega, Lexy"]
[Black "Karadag, Cem"]
[Result "0-1"]
[WhiteElo "2315"]
[BlackElo "2200"]

1.Nf3 d5 2.c4 c6 3.e3 Nf6 4.b3 Bf5 5.Bb2 e6 6.Be2 Bd6 7.O-O O-O 8.Nc3 h6
9.d3 Qe7 10.a3 Nbd7 11.b4 Rfd8 12.cxd5 exd5 13.Qb3 Ne5 14.Rfd1 Nfg4 15.Nxe5 Qxe5
16.g3 d4 17.Ne4 Be6 18.Qc2 Qh5 19.Bxg4 Bxg4 20.Re1 Bf3 21.Nd2 dxe3 22.Nxf3 Qxf3
23.Rxe3 Qf5 24.Rae1 Rac8 25.Qc3 Qg6 26.Re4 c5 27.b5 Bf8 28.h3 Rd5 29.Re8 Rcd8
30.Rxd8 Rxd8 31.Re3 Kh7 32.Qc4 Qf5 33.a4 Rd6 34.h4 Rg6 35.Kg2 Rg4 36.Qc3 Qg6
37.h5 Qxh5 38.Re8 Bd6 39.d4 cxd4 40.Qc8 Qd5+  0-1

[Event "Wch U20"]
[Site "Graz"]
[Date "1978.??.??"]
[Round "4"]
[White "Mateu, Xavier"]
[Black "Sisniega, Marcel"]
[Result "1-0"]
[WhiteElo "2200"]
[BlackElo "2455"]

1.Nf3 d5 2.c4 c6 3.d4 Nf6 4.cxd5 cxd5 5.Nc3 e6 6.Bf4 Be7 7.e3 O-O 8.h3 b6
9.Rc1 Ba6 10.Bxa6 Nxa6 11.Ne5 Bb4 12.Qa4 Qc8 13.O-O Qb7 14.Qc6 Qe7 15.a3 Bxc3
16.Rxc3 Ne4 17.Rc2 g5 18.Bh2 Rac8 19.Qxc8 Rxc8 20.Rxc8+ Kg7 21.Rfc1 Nd6 22.Ra8 Nc4
23.Nxc4 Qb7 24.Nd6 Qxa8 25.Rc8 Nb8 26.Be5+ f6 27.Ne8+ Kg6 28.Nxf6 Qb7 29.Rc7 Qa6
30.Ng8 Qe2 31.g4 Qe1+ 32.Kg2  1-0

[Event "Kiev"]
[Site "Kiev"]
[Date "1978.??.??"]
[Round "5"]
[White "Palatnik, Semon"]
[Black "Romanishin, Oleg M"]
[Result "1/2-1/2"]
[WhiteElo "2490"]
[BlackElo "2610"]

1.Nf3 d5 2.c4 dxc4 3.Qa4+ Nc6 4.Ne5 Qd6 5.Nxc4 Qc5 6.d4 Qb4+ 7.Qxb4 Nxb4
8.Nba3 Nf6 9.f3 e6 10.Kf2 Bd7 11.e4 c5 12.Bf4 Nh5 13.Nd6+ Ke7 14.Bd2 Kxd6
15.dxc5+ Kc7 16.Bxb4 a5 17.Bd2 Bxc5+ 18.Be3 Bxe3+ 19.Kxe3 f5 20.Rc1+ Bc6
21.e5 g5 22.Bc4 Rad8 23.Rhd1 Nf4 24.g3 Ng6 25.f4 gxf4+ 26.gxf4 Nh4 27.Rg1 Rhg8
28.Rxg8 Rxg8 29.Bxe6 Ng2+ 30.Kf2 Rg4 31.Rc4 Nh4 32.Bd5 Ng6 33.Ke3 Rh4 34.Nb5+ Kb6
35.Bxc6 bxc6 36.Nd4 Rxf4 37.Rxc6+ Kb7 38.Rf6 Re4+ 39.Kd3 Nxe5+ 40.Kc3 f4
41.Rh6 f3  1/2-1/2

[Event "Kiev"]
[Site "Kiev"]
[Date "1978.??.??"]
[Round "5"]
[White "Adamski, Jan"]
[Black "Peresipkin, Vladimir"]
[Result "1-0"]
[WhiteElo "2470"]
[BlackElo "2200"]

1.Nf3 d5 2.c4 c6 3.e3 Nf6 4.Nc3 g6 5.d4 Bg7 6.Be2 O-O 7.O-O Bg4 8.cxd5 Nxd5
9.Qb3 Nb6 10.Rd1 N8d7 11.e4 Bxf3 12.Bxf3 e5 13.d5 cxd5 14.Nxd5 Qh4 15.Be3 Rfd8
16.g3 Qh3 17.Nc7 Rac8 18.Nb5 Nc4 19.Bg5 Re8 20.Be2 Nc5 21.Qxc4 Ne6 22.Qb3 Nxg5
23.Nd6 Bf8 24.Nxe8 Rxe8 25.Qxb7 Bc5 26.Qd7 Rb8 27.b3 Bxf2+ 28.Kh1 Qh6 29.Kg2 Bd4
30.Rac1 Nxe4 31.Rc7 Rf8 32.Rxd4 exd4 33.Qxd4 Ng5 34.Bg4 f5 35.Be2 f4 36.Bc4+ Nf7
37.Qxf4 Qxf4 38.gxf4 a5 39.Ra7 Kg7 40.Kf3 Kf6 41.Bxf7 Rxf7 42.Rxf7+ Kxf7
43.Ke4  1-0

[Event "Leipzig ET17"]
[Site "Leipzig"]
[Date "1978.??.??"]
[Round "9"]
[White "Baumbach, Friedrich"]
[Black "Boehnisch, Manfred"]
[Result "1/2-1/2"]
[WhiteElo "2375"]
[BlackElo "2365"]

1.Nf3 d5 2.c4 e6 3.d4 Nf6 4.Nc3 Be7 5.cxd5 exd5 6.Bf4 c6 7.Qc2 g6 8.e3 Bf5
9.Bd3 Bxd3 10.Qxd3 Nbd7 11.h3 Nf8 12.O-O Ne6 13.Be5 O-O 14.Bxf6 Bxf6 15.b4 b5  1/2-1/2

[Event "Makarczyk mem"]
[Site "Lodz"]
[Date "1978.??.??"]
[Round "1"]
[White "Ghitescu, Theodor"]
[Black "Lukacs, Peter"]
[Result "1/2-1/2"]
[WhiteElo "2450"]
[BlackElo "2460"]

1.Nf3 d5 2.c4 d4 3.d3 c5 4.g3 Nc6 5.Bg2 e5 6.O-O Nf6 7.e3 Be7 8.Re1 O-O 9.Na3 Bf5
10.exd4 exd4 11.Bf4 Bd6 12.Ne5 Nxe5 13.Bxe5 Re8 14.Qf3 Rxe5 15.Rxe5 Bg4 16.Qf4 Bxe5
17.Qxe5 Qb6 18.Nb5 Re8 19.Qd6 Be2 20.Bf1 Bxf1  1/2-1/2

[Event "Makarczyk mem"]
[Site "Lodz"]
[Date "1978.??.??"]
[Round "4"]
[White "Barczay, Laszlo"]
[Black "Luczak, Andrzej"]
[Result "1/2-1/2"]
[WhiteElo "2465"]
[BlackElo "2200"]

1.Nf3 d5 2.c4 d4 3.b4 g6 4.Bb2 Bg7 5.e3 e5 6.exd4 exd4 7.Be2 Ne7 8.d3 O-O
9.O-O a5 10.b5 c5 11.bxc6 Nexc6 12.Nbd2 Na6 13.Rb1 Re8 14.Nb3 Bf5 15.Ba1 Rb8
16.Qd2 a4 17.Nc1 Nc5 18.Bb2 b5 19.Ba3 b4 20.Bxb4 a3 21.Bxc5 Rxb1 22.Bxa3 Qa5
23.Qxa5 Nxa5 24.Bd1 Ra8 25.Nd2 Rbb8 26.Bf3 Ra6 27.g4 Be6 28.Bc5 Nb7 29.Be7 f5
30.Ndb3 fxg4 31.Bxb7 Rxb7 32.Nc5 Rxe7 33.Nxa6 Bf5 34.Nb4 Rb7 35.Nc6 Rc7 36.Na5 Kf7
37.Re1 h5 38.Nab3 Ra7 39.Re2 h4 40.Rc2 Re7 41.Kf1 Be5 42.f4 gxf3 43.Rf2 Bh3+
44.Kg1 Bg2 45.Nd2 Bg3 46.Nxf3 Bxf2+ 47.Kxg2 Be3 48.Nb3 g5 49.Kh3 Kf6 50.Kg4 Ra7
51.Nc5 Rxa2 52.Ne4+ Ke6 53.Nexg5+  1/2-1/2

[Event "Makarczyk mem"]
[Site "Lodz"]
[Date "1978.??.??"]
[Round "12"]
[White "Espig, Lutz"]
[Black "Inkiov, Ventzislav"]
[Result "1-0"]
[WhiteElo "2470"]
[BlackElo "2450"]

1.Nf3 d5 2.c4 d4 3.e3 Nc6 4.exd4 Nxd4 5.Nxd4 Qxd4 6.Nc3 c6 7.d3 e5 8.Be3 Qd6
9.d4 exd4 10.Qxd4 Qxd4 11.Bxd4 Nh6 12.O-O-O Nf5 13.Be5 Be6 14.Ne4 f6 15.Bc3 Rd8
16.Nxf6+ gxf6 17.Rxd8+ Kf7 18.Kc2 c5 19.Bd3 Rg8 20.Re1 h5 21.g3 Ne7 22.Rd6  1-0

[Event "Makarczyk mem"]
[Site "Lodz"]
[Date "1978.??.??"]
[Round "12"]
[White "Witkowski, Stefan"]
[Black "Lukacs, Peter"]
[Result "1/2-1/2"]
[WhiteElo "2365"]
[BlackElo "2460"]

1.Nf3 d5 2.c4 d4 3.e3 Nc6 4.exd4 Nxd4 5.Nxd4 Qxd4 6.Nc3 e5 7.d3 Ne7 8.Qe2 c6
9.Be3 Qd8 10.g4 h5  1/2-1/2

[Event "Lone Pine op"]
[Site "Lone Pine"]
[Date "1978.??.??"]
[Round "5"]
[White "Loftsson, Julius H"]
[Black "Angantysson, Haukur"]
[Result "0-1"]
[WhiteElo "2335"]
[BlackElo "2350"]

1.Nf3 d5 2.c4 d4 3.g3 g6 4.d3 Bg7 5.Bg2 e5 6.Na3 Ne7 7.b4 O-O 8.O-O a5 9.b5 h6
10.Nc2 c5 11.bxc6 bxc6 12.Rb1 Na6 13.Ba3 Ra7 14.Nd2 c5 15.Nb3 Qc7 16.Bc1 a4
17.Nd2 Bd7 18.Na3 Rb8 19.Nb5 Bxb5 20.cxb5 Nb4 21.Nc4 Rxb5 22.a3 Nbd5 23.Rxb5 Nc3
24.Rxc5 Qxc5 25.Qc2 e4 26.Bb2 f5 27.Kh1 Qb5 28.Bxc3 dxc3 29.Rb1 Qc5 30.Qa2 Kh7
31.dxe4 fxe4 32.Bxe4 Qxf2 33.Qc2 Rd7 34.e3 Qf7 35.Qe2 Rc7 36.Nb6 Qe6 37.Bc2 Nf5
38.Nxa4 Nd4 39.Qg2 Nxc2 40.Qxc2 Qxe3 41.Rd1 Qf3+ 42.Kg1 Re7 43.Nxc3 Bd4+  0-1

[Event "CSR-ch"]
[Site "Marianske Lazne"]
[Date "1978.??.??"]
[Round "10"]
[White "Gross, Stefan"]
[Black "Prandstetter, Eduard"]
[Result "1/2-1/2"]
[WhiteElo "2355"]
[BlackElo "2405"]

1.Nf3 d5 2.c4 d4 3.g3 Nc6 4.Bg2 e5 5.d3 Nf6 6.O-O Bd6 7.Na3 O-O 8.Bg5 h6
9.Bxf6 Qxf6 10.Nb5 a6 11.Nxd6 Qxd6 12.a3 a5 13.Nd2 Nd8 14.Qc2 c5 15.b4 axb4
16.axb4 Rxa1 17.Rxa1 cxb4 18.c5 Qe7 19.Qc4 Nc6 20.Bxc6 bxc6 21.Qxb4 Be6 22.Nc4 Bxc4
23.Qxc4 Rb8 24.Ra6 Rb1+ 25.Kg2 Qd7 26.Rb6 Re1 27.Qa2 Kh7 28.Rb2 h5 29.h4 Kg6
30.Qb3 Kh6 31.Qb4 Qd5+ 32.f3 Rd1 33.Qb8 Kh7 34.Qc8 Rc1 35.Rb8 Kg6 36.g4 Qe6
37.gxh5+ Kxh5 38.Qxe6 fxe6 39.Re8 Rxc5  1/2-1/2

[Event "CSR-ch"]
[Site "Marianske Lazne"]
[Date "1978.??.??"]
[Round "14"]
[White "Jankovec, Ivan"]
[Black "Neckar, Lubomir"]
[Result "1/2-1/2"]
[WhiteElo "2370"]
[BlackElo "2340"]

1.Nf3 d5 2.c4 c6 3.d4 Nf6 4.cxd5 cxd5 5.Nc3 Nc6 6.Bf4 e6 7.e3 Nh5 8.Bg3 h6
9.Bd3 Nxg3 10.hxg3 g5 11.Qe2 Bg7 12.O-O-O Kf8 13.g4 e5 14.Nxe5 Nxe5 15.dxe5 Bxe5
16.Bc4 Bxc3 17.bxc3 Qf6 18.Bxd5 Qxc3+ 19.Kb1 Qf6 20.Rc1 Kg7 21.e4 Be6 22.Bxe6 Qxe6
23.Qb2+ Kg6 24.f3 Rhd8 25.Rhd1 Rd7 26.Rxd7 Qxd7 27.Rc5 Qd3+ 28.Qc2 Rd8 29.Qxd3 Rxd3
30.Kc2 Ra3 31.Kb2 Re3 32.Rc7 Re2+ 33.Ka3 Rxg2 34.Rxb7 Rf2 35.Rb3 h5 36.gxh5+ Kxh5
37.Rd3 Kh4 38.Kb4 Rxa2 39.Rd7 f6 40.Rd6 Rb2+ 41.Kc5 Rb6 42.Rd5 Ra6 43.Kd4 Ra4+
44.Ke3 Ra3+ 45.Kf2 Kh5 46.Rd6 g4  1/2-1/2

[Event "Kringsja"]
[Site "Oslo"]
[Date "1978.??.??"]
[Round "1"]
[White "Orseth, Dag S"]
[Black "Heggheim, Bjorn"]
[Result "1-0"]
[WhiteElo "2200"]
[BlackElo "2200"]

1.Nf3 d5 2.c4 d4 3.e3 c5 4.b4 dxe3 5.fxe3 cxb4 6.d4 Nf6 7.Bd3 e6 8.O-O Nc6
9.Bb2 Qb6 10.Nbd2 a5 11.Qe2 a4 12.Rac1 a3 13.Ba1 Bd7 14.Kh1 O-O-O 15.d5 Na5
16.c5 Qa7 17.Bd4 Qa8 18.c6 bxc6 19.dxc6 Nxc6 20.Ne5 Bd6 21.Nxc6 Bxc6 22.Bb5 Bc7
23.Bxc6 Qa5 24.Nb3  1-0

[Event "Kringsja"]
[Site "Oslo"]
[Date "1978.??.??"]
[Round "7"]
[White "Orseth, Dag S"]
[Black "Gereben, Erno"]
[Result "1/2-1/2"]
[WhiteElo "2200"]
[BlackElo "2270"]

1.Nf3 d5 2.c4 e6 3.g3 Nf6 4.Bg2 Be7 5.O-O O-O 6.b3 c5 7.Bb2 Nc6 8.e3 b6 9.Qe2 Bb7
10.d3 Qc7 11.Nc3 Rad8 12.Rfd1 a6 13.Rac1 dxc4  1/2-1/2

[Event "Rubinstein mem"]
[Site "Polanica Zdroj"]
[Date "1978.??.??"]
[Round "7"]
[White "Tseitlin, Mikhail S"]
[Black "Bednarski, Jacek B"]
[Result "1-0"]
[WhiteElo "2480"]
[BlackElo "2365"]

1.Nf3 d5 2.c4 e6 3.b3 dxc4 4.bxc4 e5 5.Nc3 Nc6 6.e3 g6 7.Be2 Bg7 8.Ba3 Nge7
9.O-O O-O 10.Rc1 Re8 11.e4 Nd4 12.Nxd4 exd4 13.Nd5 Nc6 14.d3 f5 15.f3 Ne5
16.f4 Nf7 17.e5 c6 18.Nb4 Bf8 19.Qb3 Qa5 20.Rb1 Nd8 21.Bc1 Ne6 22.Qb2 Qd8
23.Qd2 Kh8 24.Nc2 Rb8 25.Bf3 Bd7 26.Ba3 Bxa3 27.Nxa3 b6 28.g3 Qe7 29.Nc2 Qc5
30.Nb4 Rbc8 31.h4 Rg8 32.Rfc1 Rg7 33.a4 h6 34.Kf2 Qa5 35.Rd1 g5 36.hxg5 hxg5
37.fxg5 Rxg5 38.Bd5 cxd5 39.cxd5 Rg6 40.dxe6 Qxe5 41.Rg1 Bxe6 42.Rbe1 Qd6
43.Re2 Bb3 44.Qe1 a5 45.Na2 Bxa4 46.Nc1 Kg8 47.Ra2 Bb5 48.Ne2 Qe5 49.Nf4 Qxe1+
50.Rxe1 Rh6 51.Nd5 Rh2+ 52.Kf3 Bc6 53.Rxh2 Bxd5+ 54.Kf4 a4 55.Re5 Bf7 56.Rxf5 Rc6
57.Rg5+ Kf8 58.Rh8+ Ke7 59.Ra8 Bb3 60.Ra7+ Kf6 61.g4 Bc2 62.Rgg7 Bxd3 63.Rad7 Rd6
64.Rde7 Rd5 65.g5+ Rxg5 66.Ref7+ Ke6 67.Kxg5 Kd5 68.Rc7 b5 69.Kf4  1-0

[Event "Banicky kahanec"]
[Site "Prievidza"]
[Date "1978.??.??"]
[Round "?"]
[White "Arnaudov, Petar"]
[Black "Trikaliotis, Georgios"]
[Result "0-1"]
[WhiteElo "2260"]
[BlackElo "2245"]

1.Nf3 d5 2.c4 e6 3.g3 Nf6 4.Bg2 Be7 5.O-O O-O 6.b3 b6 7.Bb2 Bb7 8.e3 dxc4
9.bxc4 c5 10.Qe2 Nbd7 11.d3 Qc7 12.Nc3 Rad8 13.a4 a6 14.a5 bxa5 15.Na4 Rb8
16.Bc3 Bc6 17.Nb2 Rb3 18.Qc2 Rfb8 19.e4 Ng4 20.Ra2 Bf6 21.Bxa5 Qd6 22.Rb1 Bxb2
23.Raxb2 Rxb2 24.Rxb2 Rxb2 25.Qxb2 Qxd3 26.h3 Qd1+ 27.Ne1 Nge5 28.Bc3 Nxc4
29.Qa2 Qa4 30.Qb1 h6 31.Kh2 Ncb6 32.Qd3 Qc4 33.Qe3 Na4 34.Bd2 Qd4 35.Nc2 Qxe3
36.Bxe3 Bb5 37.f4 Bd3 38.Ne1 Bb1 39.Bf1 Bxe4 40.Bxa6 Nab6 41.Nd3 Bxd3 42.Bxd3 Kf8
43.Kg2 Ke7 44.Kf3 Nd5 45.Bc1 N7b6 46.Bc2 Kd6 47.g4 Nb4 48.Be4 N6d5 49.Bb2 f6
50.g5 Ke7 51.h4 Nb6 52.Bb1 Nc4 53.Bc3 Nd5 54.Be1 Na3 55.Ba2 f5 56.Bd2 Nc2
57.Bc4 Nd4+ 58.Kf2 h5 59.Bc1 g6 60.Kg3 Kd6 61.Ba3 Nb6 62.Bf1 Na4 63.Bc4 Nc3
64.Bb2 Nce2+ 65.Bxe2 Nxe2+ 66.Kf3 Nd4+ 67.Ke3 Kd5 68.Bc3 e5  0-1

[Event "Kamen Piskov mem 2"]
[Site "Ruse"]
[Date "1978.??.??"]
[Round "1"]
[White "Szekely, Peter"]
[Black "Atanasov, Petko"]
[Result "1/2-1/2"]
[WhiteElo "2440"]
[BlackElo "2305"]

1.Nf3 d5 2.c4 e6 3.g3 Nf6 4.Bg2 Bd6 5.O-O O-O 6.d4 c6 7.Qc2 b5 8.c5 Bc7 9.Nbd2 Nbd7
10.e4 e5 11.dxe5 Nxe5 12.Nxe5 Bxe5 13.Nf3 Qc7 14.exd5 Nxd5 15.Re1 Bf6 16.Bg5 Be6
17.Bxf6 Nxf6 18.Nd4 Bd5 19.Nf5 Rae8 20.Qd2 Re6 21.Qg5 g6 22.Nh6+ Kg7 23.Nf5+ Kg8
24.Nh6+  1/2-1/2

[Event "Kamen Piskov mem 2"]
[Site "Ruse"]
[Date "1978.??.??"]
[Round "3"]
[White "Merdinjan, Agop"]
[Black "Atanasov, Petko"]
[Result "1/2-1/2"]
[WhiteElo "2315"]
[BlackElo "2305"]

1.Nf3 d5 2.c4 c6 3.g3 Nf6 4.Bg2 Bf5 5.O-O e6 6.b3 h6 7.Bb2 Be7 8.d3 O-O 9.Nbd2 a5
10.a3 Bh7 11.Qc2 Nbd7 12.Rac1 Bc5 13.Qb1 Re8 14.Qa1 Qb6 15.h3 Bd6 16.d4 Bf8
17.Ne5 Nxe5 18.dxe5 Nd7 19.cxd5 exd5 20.Kh2 f6 21.exf6 Nxf6 22.Bd4 Qd8 23.e3 Ne4
24.Nxe4 Bxe4 25.Qb2  1/2-1/2

[Event "Kamen Piskov mem 2"]
[Site "Ruse"]
[Date "1978.??.??"]
[Round "10"]
[White "Szekely, Peter"]
[Black "Spiridonov, Nikola"]
[Result "1/2-1/2"]
[WhiteElo "2440"]
[BlackElo "2405"]

1.Nf3 d5 2.c4 c6 3.cxd5 cxd5 4.d4 Nf6 5.Nc3 Nc6 6.Bf4 Bf5 7.e3 e6 8.Bb5 Nd7
9.O-O Be7 10.Bxc6 bxc6 11.Na4 Qa5 12.Ne5 Nxe5 13.Bxe5 O-O 14.Qb3 Qb4 15.Qxb4 Bxb4
16.a3 Be7 17.Rfc1 Bd3 18.Nc5 Bxc5 19.Rxc5 a5 20.Rxc6 a4 21.Rac1 Bc4 22.Rb6 Rfc8
23.Bd6 Rd8 24.h3 h5 25.Kh2 Kh7 26.Rc2 Rd7 27.Bb4 Rdd8 28.f3 Rdb8 29.Rd6 Rd8
30.Rc6 Rdc8 31.Rc5 Rxc5 32.Bxc5 Rb8 33.Bb4 Rc8 34.Kg3 f6 35.h4 Kg6 36.Kf2 Kf5
37.Rc1 Kg6 38.Ke1 Kf7 39.Kd2 Rc7 40.Bc3 Rb7 41.Re1 Bb3 42.e4 Rc7 43.Ke3 Rc8
44.Kf2 Rc7 45.e5 f5 46.Ke3 Rc8 47.Kf4 Kg6 48.Rh1 Rh8 49.Rh3 Bc4 50.Rg3+ Kf7
51.Rg5 Rh6 52.g3 Rh8 53.Ke3 Bb3  1/2-1/2

[Event "SWE-ch"]
[Site "SWE"]
[Date "1978.??.??"]
[Round "?"]
[White "Cramling, Dan"]
[Black "Korman, U."]
[Result "1-0"]
[WhiteElo "2355"]
[BlackElo "2200"]

1.Nf3 d5 2.c4 d4 3.d3 c5 4.e3 Nc6 5.exd4 cxd4 6.g3 Nf6 7.Bg2 g6 8.O-O Bg7
9.a3 a5 10.Re1 O-O 11.Nbd2 Nd7 12.Rb1 Nc5 13.Ne4 Na6 14.Nh4 h6 15.f4 f5 16.Nxg6 fxe4
17.Bxe4 Bf5 18.Qh5 Qd7 19.Nxf8 Rxf8 20.Bd2 Nc5 21.Bxf5 Qxf5 22.Qxf5 Rxf5
23.b4 Nxd3 24.Re4 axb4 25.axb4 b5 26.c5 Kf7 27.Rb3 Nxc5 28.bxc5 Rxc5 29.Kf1 e6
30.Re1 Rc2 31.Ke2 d3+ 32.Kxd3 Nd4 33.Bc3  1-0

[Event "URS-ch46"]
[Site "Tbilisi"]
[Date "1978.??.??"]
[Round "?"]
[White "Bagirov, Vladimir"]
[Black "Mikhalchishin, Adrian"]
[Result "1/2-1/2"]
[WhiteElo "2505"]
[BlackElo "2460"]

1.Nf3 d5 2.c4 d4 3.e3 Nc6 4.exd4 Nxd4 5.Nxd4 Qxd4 6.Nc3 e5 7.d3 Ne7 8.Qe2 Bd7
9.Be3 Qd6 10.O-O-O O-O-O 11.g3 Nf5 12.Bh3 Nxe3 13.Bxd7+ Rxd7 14.fxe3 Be7
15.Rhf1 Qg6 16.Kc2 Rhd8 17.g4 Bb4 18.Nd5 Ba5 19.a3 c6 20.Nc3 Bxc3 21.Kxc3 Qe6
22.h3 g6 23.e4  1/2-1/2

[Event "Tramandai zt"]
[Site "Tramandai"]
[Date "1978.??.??"]
[Round "10"]
[White "Trois, Francisco RT"]
[Black "Hase, Juan C"]
[Result "1-0"]
[WhiteElo "2385"]
[BlackElo "2410"]

1.Nf3 d5 2.c4 e6 3.b3 Nf6 4.Bb2 Be7 5.g3 O-O 6.Bg2 c5 7.O-O Nc6 8.d3 d4 9.Na3 e5
10.Nc2 Bg4 11.h3 Bf5 12.a3 a5 13.Nh4 Be6 14.e4 dxe3 15.Nxe3 Qd7 16.Kh2 Rfd8
17.Nf3 Qxd3 18.Nxe5 Nxe5 19.Bxe5 Qxd1 20.Rfxd1 Rxd1 21.Rxd1 Nd7 22.Bc3 a4
23.b4 Rb8 24.f4 g6 25.b5 Nb6 26.Be5 Rd8 27.Rxd8+ Bxd8 28.Bf1 Nd7 29.Bc3 Bf6
30.Bxf6 Nxf6 31.Bg2 b6 32.g4 h5 33.Kg3 hxg4 34.hxg4 Kf8 35.f5 gxf5 36.gxf5 Bc8
37.Kf4 Ke7 38.Nd1 Ne8 39.Nc3 Nd6 40.Nd5+ Kd8 41.Nxb6 Bxf5 42.Ke5 Kc7 43.Na8+ Kd7
44.Nb6+ Kc7 45.Nd5+ Kd7 46.Nf6+ Ke7 47.Bc6 Nxc4+ 48.Kxf5 Nxa3 49.b6 Nc4 50.Nd5+ Kd8
51.b7 Nd6+ 52.Kf6 Nxb7 53.Bxb7 a3 54.Nc3 c4 55.Bd5 a2 56.Nxa2 Kd7 57.Nc3 Kd6
58.Bxf7 Kc5 59.Ke5 Kb4 60.Kd4 Kb3 61.Bxc4+ Kb2 62.Kd3 Ka1 63.Nb5 Kb2 64.Kd2 Ka1
65.Kc3 Kb1 66.Na3+ Ka1 67.Nc2+ Kb1 68.Bb3 Kc1 69.Ba2 Kd1 70.Nd4 Ke1 71.Kd3 Kf2
72.Ne2 Kf3 73.Be6  1-0

[Event "Vilnius"]
[Site "Vilnius"]
[Date "1978.??.??"]
[Round "2"]
[White "Espig, Lutz"]
[Black "Damjanovic, Mato"]
[Result "1-0"]
[WhiteElo "2470"]
[BlackElo "2455"]

1.Nf3 d5 2.c4 c6 3.d4 Nf6 4.cxd5 cxd5 5.Nc3 Nc6 6.Bf4 e6 7.e3 Bd6 8.Bg3 O-O
9.Bd3 Re8 10.Ne5 Bxe5 11.dxe5 Nd7 12.f4 Qb6 13.O-O a6 14.Qe2 Nc5 15.Bb1 d4
16.exd4 Nxd4 17.Qc4 Rd8 18.Bf2 Qxb2 19.Bxd4 b5 20.Qxc5 Bb7 21.Nd5 Qd2 22.Qc3 Qxc3
23.Ne7+ Kf8 24.Bxc3 Kxe7 25.Bb4+ Ke8 26.Bd6 f5 27.Bd3 Rdc8 28.Rfc1 Rxc1+
29.Rxc1 Rc8 30.Rxc8+ Bxc8 31.Kf2  1-0

[Event "Vilnius"]
[Site "Vilnius"]
[Date "1978.??.??"]
[Round "4"]
[White "Espig, Lutz"]
[Black "Dvorietzky, Mark I"]
[Result "1/2-1/2"]
[WhiteElo "2470"]
[BlackElo "2525"]

1.Nf3 d5 2.c4 e6 3.g3 Nf6 4.b3 a6 5.Bg2 Be7 6.O-O O-O 7.Bb2 b5 8.Ne5 Bb7
9.d4 bxc4 10.bxc4 Nbd7 11.Nc3 Ne4 12.cxd5 Nxc3 13.Bxc3 Nxe5 14.d6 cxd6 15.Bxb7 Ra7
16.dxe5 Rxb7 17.Qa4 Qb6 18.exd6 Bxd6 19.Rab1 Qxb1 20.Rxb1 Rxb1+ 21.Kg2 Rc8
22.Bxg7 Kxg7 23.Qd4+ Kg8 24.Qxd6 Rb2 25.Qxa6 Rcc2 26.a4 Rxe2 27.Qc8+ Kg7
28.Qc5 e5 29.a5 Ra2 30.Kf1 Re4 31.h4 h6 32.h5 Ra1+ 33.Kg2 Ra2 34.Kh3 Rea4
35.Qxe5+ Kg8 36.Qe8+ Kg7 37.Qe5+ Kg8  1/2-1/2

[Event "URS-ch U26"]
[Site "Vilnius"]
[Date "1978.??.??"]
[Round "5"]
[White "Vladimirov, Evgeny"]
[Black "Dolmatov, Sergey"]
[Result "1/2-1/2"]
[WhiteElo "2445"]
[BlackElo "2495"]

1.Nf3 d5 2.c4 d4 3.e3 Nc6 4.exd4 Nxd4 5.Nxd4 Qxd4 6.Nc3 e5 7.d3 Bc5 8.Qe2 Bb4
9.Bd2 f6 10.a3 Bxc3 11.Bxc3 Qg4 12.d4 Qxe2+ 13.Bxe2 exd4 14.Bxd4 Be6 15.O-O-O Ne7
16.Bh5+ Bf7 17.Bf3 O-O-O 18.Rhe1 Ng6 19.b3 a6 20.Kc2 Rhe8 21.Rxe8 Rxe8 22.g3 Ne5
23.Bg2 Bh5 24.Re1 b6 25.f4 Nd7 26.Rxe8+ Bxe8 27.Bc6 a5 28.b4 axb4 29.axb4 Kd8
30.Kc3 Ke7 31.g4 Kd6 32.Bf3 h6 33.Bf2 Bf7 34.Bg3 c5 35.h4 Ke7 36.Bd1 h5 37.gxh5 f5
38.Bf2 Kd6 39.Bc2 Be6  1/2-1/2